| 000 | 00766nam a2200205 a 4500 | ||
|---|---|---|---|
| 001 | 81724 | ||
| 003 | BD-RjUL | ||
| 005 | 20230820135129.0 | ||
| 008 | 101115s1952 ua 000 0 ara d | ||
| 035 | _a(BD-RjUL)81724 | ||
| 040 |
_aNNL _bara _cBD-RjUL |
||
| 041 | 0 | _aara | |
| 082 |
_223 _a891.439092 _bISQ 1968 |
||
| 100 | 1 |
_aاصفہانی٫ مرزا ابوالحسن، ;; Isfahani, Mirza Abul Hasan _d1889-1964 _96777 |
|
| 245 | 1 | 2 |
_aقائد اعظم جناح میری نظر میں /Quaid-e-Azam Jinnah meri nazar min / _cتأليف مرزا ابوالحسن اصفہانی ;; .Mirza Abul Hasan Isfahani |
| 260 |
_a[کراچی] : _bروٹا پرنٹ _c1968 |
||
| 300 |
_a453 p. ; _c23 cm |
||
| 600 |
_aJinnah, Mahomed Ali, _d1876-1948 _98426 |
||
| 942 |
_2ddc _cBK |
||
| 999 |
_c81724 _d81724 |
||